[Event "Three Continents Championship"]
[Site "SchemingMind.com"]
[Date "2013.01.13"]
[Round "-"]
[White "GBEDARD"]
[Black "Derek Price"]
[Result "1/2-1/2"]
[WhiteCountry "USA"]
[BlackCountry "ENG"]
[WhiteElo "2260"]
[WhiteRD "72"]
[BlackElo "2263"]
[BlackRD "74"]
[GameID "324760"]

1. e4 c5 2. Nf3 d6 3. d4 cxd4 4. Nxd4 Nf6 5. Nc3 a6 6. Be3 e6 7. Be2 Be7 8. f4 Qc7 9. O-O O-O 10. g4 d5
11. exd5 Nxd5 12. Nxd5 exd5 13. Bf3 Rd8 14. c3 Nc6 15. Qd2 Bd7 16. Rfe1 Re8 17. f5 Ne5 18. Bxd5 Nxg4 19. Bf4 Qb6 20. Bf3 Bxf5=
1/2-1/2

[Event "Three Continents Championship"]
[Site "SchemingMind.com"]
[Date "2013.01.13"]
[Round "-"]
[White "GBEDARD"]
[Black "smothered mate"]
[Result "1-0"]
[WhiteCountry "USA"]
[BlackCountry "POL"]
[WhiteElo "2269"]
[WhiteRD "71"]
[BlackElo "1984"]
[BlackRD "58"]
[GameID "324761"]

1. e4 c5 2. Nf3 d6 3. d4 cxd4 4. Nxd4 Nf6 5. Nc3 g6 6. Be3 Bg7 7. f3 a6 8. Bc4 Nbd7 9. Qd2 b5 10. Bb3 Bb7
11. a4 b4 12. Nd5 Nxd5 13. Bxd5 Bxd5 14. exd5 a5 15. Nc6 Qc7 16. Bd4 Nf6 17. c4 bxc3 18. bxc3 O-O 19. c4 e5 20. Bc3 e4
21. O-O exf3 22. Rae1 Rfe8 23. Rxe8+ Rxe8 24. Bxa5 Qb7 25. Rxf3 Ne4 26. Qb4 Qd7 27. h3 Ng5 28. Rb3 h5 29. Qb7 Qf5 30. Qe7 Bd4+
31. Nxd4 Rxe7 32. Nxf5 gxf5 33. Bd8
1-0

[Event "Three Continents Championship"]
[Site "SchemingMind.com"]
[Date "2013.01.13"]
[Round "-"]
[White "GBEDARD"]
[Black "jrsanpedro"]
[Result "1-0"]
[WhiteCountry "USA"]
[BlackCountry "ARG"]
[WhiteElo "2260"]
[WhiteRD "72"]
[BlackElo "2155"]
[BlackRD "65"]
[GameID "324762"]

1. e4 c5 2. Nf3 d6 3. d4 cxd4 4. Nxd4 Nf6 5. Nc3 a6 6. Be3 Ng4 7. Bg5 h6 8. Bh4 g5 9. Bg3 Bg7 10. h3 Ne5
11. Qd2 Nbc6 12. O-O-O Bd7 13. Nf5 Bxf5 14. exf5 Qa5 15. Qd5 Qb6 16. Ne4 Nd7 17. c3 Nf6 18. Nxf6+ Bxf6 19. Bc4 O-O 20. Qe4 Rac8
21. h4 Nd4 22. Bd5 Nb5 23. hxg5 Bxc3 24. g6 Bxb2+ 25. Kd2 Bf6 26. gxf7+ Kg7 27. Qg4+ Bg5+ 28. Ke1 Qa5+ 29. Kf1 Nc3 30. Rxh6
1-0

[Event "Three Continents Championship"]
[Site "SchemingMind.com"]
[Date "2013.01.13"]
[Round "-"]
[White "GBEDARD"]
[Black "Aadsje"]
[Result "1/2-1/2"]
[WhiteCountry "USA"]
[BlackCountry "NED"]
[WhiteElo "2260"]
[WhiteRD "72"]
[BlackElo "2303"]
[BlackRD "59"]
[GameID "324763"]

1. e4 c5 2. Nf3 d6 3. d4 cxd4 4. Nxd4 Nf6 5. Nc3 Nc6 6. Bg5 e6 7. Qd2 a6 8. O-O-O Bd7 9. f4 b5 10. Bxf6 gxf6
11. Kb1 Qb6 12. Nxc6 Bxc6 13. Qe1 Be7 14. Bd3 Rg8 15. g3 a5 16. Ne2 d5 17. exd5 Bxd5 18. Bxh7 Rh8 19. Rxd5 exd5 20. Bf5 b4
21. Qc1 Qf2 22. Bd3 Rxh2=
1/2-1/2

[Event "Three Continents Championship"]
[Site "SchemingMind.com"]
[Date "2013.01.13"]
[Round "-"]
[White "GBEDARD"]
[Black "rookie31"]
[Result "1/2-1/2"]
[WhiteCountry "USA"]
[BlackCountry "IND"]
[WhiteElo "2260"]
[WhiteRD "72"]
[BlackElo "2183"]
[BlackRD "60"]
[GameID "324764"]

1. e4 e5 2. Nf3 Nc6 3. Bb5 a6 4. Ba4 Nf6 5. O-O Be7 6. Re1 b5 7. Bb3 O-O 8. c3 d6 9. h3 Na5 10. Bc2 c5
11. d4 Qc7 12. Nbd2 cxd4 13. cxd4 Bd7 14. Nf1 Rac8 15. Ne3 Rfe8 16. b3 Nc6 17. Bb2 Qb7 18. Qd2 Bd8 19. dxe5 Nxe5 20. Nxe5 dxe5
21. Rac1 Bc7 22. Nd5 Nxd5 23. exd5 Bd6 24. Qg5 Re7 25. Qh5 g6 26. Qh4 Qxd5 27. Red1 Qe6 28. Be4 Kg7 29. Bd5 Qf6 30. Qxf6+ Kxf6
31. Rxc8 Bxc8 32. Bxf7 Bc5 33. Rc1 Rc7 34. Bd5 Be6 35. Bb7=
1/2-1/2

[Event "Three Continents Championship"]
[Site "SchemingMind.com"]
[Date "2013.01.13"]
[Round "-"]
[White "Oskyrain"]
[Black "GBEDARD"]
[Result "1/2-1/2"]
[WhiteCountry "ARG"]
[BlackCountry "USA"]
[WhiteElo "2443"]
[WhiteRD "82"]
[BlackElo "2279"]
[BlackRD "67"]
[GameID "324765"]

1. c4 Nf6 2. d4 e6 3. Nc3 Bb4 4. Nf3 c5 5. e3 O-O 6. Bd3 d5 7. O-O Nc6 8. a3 Ba5 9. cxd5 exd5 10. dxc5 Bxc3
11. bxc3 Bg4 12. c4 Ne5 13. Bb2 Nxf3+ 14. gxf3 Bh3 15. Re1 Ne4 16. Be5 Re8 17. Bf4 Nc3 18. Qc2 Qf6 19. Bf1 Bxf1 20. Kxf1 dxc4
21. Rac1 Nd5 22. Qxc4 Nxf4 23. Qxf4 Qxf4 24. exf4 Kf8 25. Re5 Rac8 26. Rb1 Rc7 27. Rh5 h6 28. Rd5 g6 29. f5 g5 30. f6 Re6
31. f4 gxf4 32. Rf5 Kg8 33. Rxf4 Kh7 34. Rb3 Re5 35. c6 bxc6 36. Rg4 Rg5 37. Re4 Kg6 38. Re7 Rc8 39. Rbb7 Ra5 40. Rxa7 Rxa7
41. Rxa7 c5=
1/2-1/2

[Event "Three Continents Championship"]
[Site "SchemingMind.com"]
[Date "2013.01.13"]
[Round "-"]
[White "Derek Price"]
[Black "GBEDARD"]
[Result "1/2-1/2"]
[WhiteCountry "ENG"]
[BlackCountry "USA"]
[WhiteElo "2263"]
[WhiteRD "74"]
[BlackElo "2260"]
[BlackRD "72"]
[GameID "324766"]

1. d4 Nf6 2. c4 e6 3. g3 d5 4. Bg2 dxc4 5. Nf3 a6 6. O-O Nc6 7. e3 Bd7 8. Qe2 b5 9. Rd1 Be7 10. b3 cxb3
11. axb3 O-O 12. Bb2 Nd5 13. e4 Nb6 14. Na3 f6 15. Nc2 Qe8 16. d5 exd5 17. exd5 Nb4 18. Nxb4 Bxb4 19. Qc2 Bd6 20. Nd4 Qg6
21. Be4 f5 22. Bf3 f4 23. Be4= Qh5 24. Ne6 Rf7 25. Qc3 Qh6 26. Re1 Re8 27. Rxa6 Bc8 28. Ra5 b4 29. Qd3 Rfe7 30. Qd1 Nd7
31. Ra8 Nf8 32. Nxg7 Rxg7 33. Bxg7 Qxg7 34. Bxh7+ Qxh7 35. Rxe8 Bh3 36. Re1 Qf5 37. Qb1 Qh5 38. Qc2 Bg4 39. Rd8 Bf3 40. Re6 Bxd5
41. Qg6+ Qxg6 42. Rxg6+ Kf7 43. Rgxd6 cxd6 44. Rxd6 Bxb3 45. Rd4 Ng6 46. Rxb4 Be6 47. h4 fxg3 48. fxg3 Ne5 49. Ra4 Bd7 50. Ra7 Kg6
51. Kf2 Kf5 52. Ra5 Ke4 53. h5 Be8 54. h6 Bg6 55. Ke2 Nf7 56. Ra4+ Kf5=
1/2-1/2

[Event "Three Continents Championship"]
[Site "SchemingMind.com"]
[Date "2013.01.13"]
[Round "-"]
[White "smothered mate"]
[Black "GBEDARD"]
[Result "0-1"]
[WhiteCountry "POL"]
[BlackCountry "USA"]
[WhiteElo "1984"]
[WhiteRD "58"]
[BlackElo "2269"]
[BlackRD "71"]
[GameID "324767"]

1. e4 g6 2. d4 Bg7 3. Nf3 d6 4. Nc3 Nf6 5. Bd3 O-O 6. O-O c5 7. d5 Bg4 8. h3 Bxf3 9. Qxf3 Nbd7 10. Bf4 Qb6
11. Rab1 Ne5 12. Bxe5 dxe5 13. Qe3 Qc7 14. Rfd1 a6 15. a4 Rfd8 16. Bf1 Qa5 17. Ra1 Rac8 18. b3 Bh6 19. Qxh6 Qxc3 20. Rac1 Nxe4
21. Qh4 Nf6 22. d6 Kg7 23. dxe7 Rxd1 24. Rxd1 Re8 25. Rd8 Rxe7 26. Rh8 Rd7
0-1

[Event "Three Continents Championship"]
[Site "SchemingMind.com"]
[Date "2013.01.13"]
[Round "-"]
[White "jrsanpedro"]
[Black "GBEDARD"]
[Result "0-1"]
[WhiteCountry "ARG"]
[BlackCountry "USA"]
[WhiteElo "2155"]
[WhiteRD "65"]
[BlackElo "2260"]
[BlackRD "72"]
[GameID "324768"]

1. d4 Nf6 2. c4 e6 3. Nc3 c5 4. d5 exd5 5. cxd5 d6 6. e4 g6 7. Nf3 Bg7 8. Be2 O-O 9. O-O Re8 10. Nd2 Nbd7
11. a4 Ne5 12. Qc2 Nh5 13. Bxh5 gxh5 14. Nd1 b6 15. Ra3 Ba6 16. Re1 c4 17. Ne3 h4 18. Ndxc4 Nxc4 19. Nxc4 Rc8 20. b3 h3
21. gxh3 Qh4 22. Qd3 f5 23. Qg3 Qxg3+ 24. hxg3 Bxc4 25. bxc4 Rxc4 26. Bf4 fxe4 27. f3 Bd4+ 28. Kf1 Bc5 29. Ra2 e3 30. Rae2 Rc3
31. h4 Rd3 32. Bh6 Kf7 33. Bf4 a6 34. Bxe3 Rexe3 35. Rxe3 Rxe3 36. Rxe3 Bxe3 37. Ke2 Bg1
0-1

[Event "Three Continents Championship"]
[Site "SchemingMind.com"]
[Date "2013.01.13"]
[Round "-"]
[White "Aadsje"]
[Black "GBEDARD"]
[Result "0-1"]
[WhiteCountry "NED"]
[BlackCountry "USA"]
[WhiteElo "2295"]
[WhiteRD "63"]
[BlackElo "2269"]
[BlackRD "71"]
[GameID "324769"]

1. d4 Nf6 2. Nf3 e6 3. g3 b5 4. Bg2 Bb7 5. O-O c5 6. Na3 a6 7. c4 b4 8. Nc2 cxd4 9. Ncxd4 Be7 10. Bf4 O-O
11. Rc1 d6 12. Bd2 a5 13. Nb5 Na6 14. Bf4 d5 15. Ne5 Nc5 16. a4 bxa3 17. bxa3 a4 18. Rb1 Qc8 19. Nd4 Nfe4 20. cxd5 Bxd5
21. Rc1 Rd8 22. f3 Nf6 23. e4= Bb7 24. Rc2 Nfd7 25. Nd3 Ba6 26. Nb4 Bxf1 27. Ndc6 Bf8 28. Qxf1 Re8 29. Be3 f5 30. Qc4 Kh8
31. exf5 exf5 32. Bf2 Qc7 33. Bh3 Ne5 34. Qf4 Qd6 35. Nxe5 Rxe5 36. Bf1 Nb3 37. Rc6 Qe7 38. Rc2 Qe6 39. Kg2 Bd6 40. Qh4 Be7
41. Qc4 Qxc4 42. Bxc4 Bd6 43. Nd5 Rc8 44. Nb6 Rc7 45. Rb2 Re8 46. Bb5 Rb8
0-1

[Event "Three Continents Championship"]
[Site "SchemingMind.com"]
[Date "2013.01.13"]
[Round "-"]
[White "rookie31"]
[Black "GBEDARD"]
[Result "1/2-1/2"]
[WhiteCountry "IND"]
[BlackCountry "USA"]
[WhiteElo "2210"]
[WhiteRD "61"]
[BlackElo "2269"]
[BlackRD "71"]
[GameID "324770"]

1. d4 Nf6 2. c4 e6 3. Nc3 c5 4. d5 exd5 5. cxd5 d6 6. e4 g6 7. Nf3 Bg7 8. Be2 O-O 9. Qc2 Re8 10. O-O Na6
11. Bxa6 bxa6 12. Re1 Bg4 13. Nd2 Bd7 14. a4 Nh5 15. Nc4 Qe7 16. f3 f5 17. Bd2 Qf8 18. Rf1 Bf6 19. Rae1 Rab8 20. exf5 Bd4+
21. Be3 Bxe3+ 22. Nxe3 gxf5 23. Nc4 Qf6 24. Rxe8+ Rxe8 25. Rd1 Nf4 26. Kh1 Qe7 27. Qd2 Ng6 28. f4 Qf6 29. g3 h5 30. Qg2 Kg7
31. Qh3 Kh6 32. Rc1 Rb8 33. Ne4 Qf7 34. Nexd6 Qxd5+ 35. Qg2 Qd3 36. Kg1 Rb6 37. Nf7+ Kg7 38. Ng5 Qd4+ 39. Qf2 Qxf2+ 40. Kxf2 Rb4
41. a5 Bb5 42. Nd6 Rxb2+ 43. Kg1 Ne7 44. Rxc5 Rb1+ 45. Kg2 Rb2+ 46. Kh1 Rb1+=
1/2-1/2

[Event "Three Continents Championship"]
[Site "SchemingMind.com"]
[Date "2013.01.11"]
[Round "-"]
[White "Olli Ylönen"]
[Black "Oskyrain"]
[Result "0-1"]
[WhiteCountry "FIN"]
[BlackCountry "ARG"]
[WhiteElo "1848"]
[WhiteRD "54"]
[BlackElo "2443"]
[BlackRD "82"]
[GameID "324771"]

1. e4 c5 2. Nf3 d6 3. Bb5+ Bd7 4. Bxd7+ Qxd7 5. O-O Nc6 6. c3 Nf6 7. Re1 e6 8. d4 cxd4 9. cxd4 d5 10. e5 Ne4
11. Nbd2 Nxd2 12. Bxd2 Be7 13. Rc1 O-O 14. Rc3 Rfc8 15. a3 a5 16. h4 Bf8 17. Nh2 Nxd4 18. Qg4 Nf5 19. h5 Qb5 20. Rb1 Rxc3
21. Bxc3 Bxa3
0-1

[Event "Three Continents Championship"]
[Site "SchemingMind.com"]
[Date "2013.01.09"]
[Round "-"]
[White "Olli Ylönen"]
[Black "Derek Price"]
[Result "0-1"]
[WhiteCountry "FIN"]
[BlackCountry "ENG"]
[WhiteElo "1848"]
[WhiteRD "54"]
[BlackElo "2261"]
[BlackRD "80"]
[GameID "324772"]

1. e4 c5 2. Nf3 d6 3. d4 cxd4 4. Nxd4 Nf6 5. Nc3 a6 6. Bg5 e6 7. f4 Be7 8. Qf3 h6 9. Bh4 Qc7 10. O-O-O Nbd7
11. Be2 g5 12. fxg5 Ne5 13. Qg3 Rg8 14. Nf3 hxg5 15. Nxg5 b5 16. Rhf1 Qb6 17. Qe1 b4 18. Nb1 Qc5 19. Bf2 Qa5 20. h4 Rb8
21. Bd4 Rxg5 22. hxg5 Nxe4 23. Bxe5 dxe5 24. Bh5 Bxg5+ 25. Rd2 Nxd2 26. Bxf7+ Ke7 27. Nxd2 Qxa2 28. Kd1 Qxb2 29. Bg6 Qd4 30. Bd3 b3
31. Qf2 bxc2+ 32. Bxc2 Be3 33. Qf8+ Kd7 34. Qf7+ Kc6 35. Be4+ Kd6 36. Qf8+ Kc7
0-1

[Event "Three Continents Championship"]
[Site "SchemingMind.com"]
[Date "2013.01.13"]
[Round "-"]
[White "Olli Ylönen"]
[Black "smothered mate"]
[Result "0-1"]
[WhiteCountry "FIN"]
[BlackCountry "POL"]
[WhiteElo "1812"]
[WhiteRD "55"]
[BlackElo "1984"]
[BlackRD "58"]
[GameID "324773"]

1. e4 c5 2. Nf3 d6 3. d4 cxd4 4. Nxd4 Nf6 5. Nc3 g6 6. Be3 Bg7 7. f3 a6 8. Qd2 Nbd7 9. g4 b5 10. O-O-O Bb7
11. g5 Nh5 12. Nce2 Nb6 13. Ng3 Rc8 14. Nxh5 gxh5 15. Nf5 Be5 16. b3 Bc3 17. Qd3 Nd5 18. exd5 Qa5 19. Bd4 Qa3+
0-1

[Event "Three Continents Championship"]
[Site "SchemingMind.com"]
[Date "2013.01.08"]
[Round "-"]
[White "Olli Ylönen"]
[Black "jrsanpedro"]
[Result "0-1"]
[WhiteCountry "FIN"]
[BlackCountry "ARG"]
[WhiteElo "1812"]
[WhiteRD "55"]
[BlackElo "2177"]
[BlackRD "61"]
[GameID "324774"]

1. e4 c5 2. Nf3 d6 3. d4 cxd4 4. Nxd4 Nf6 5. Nc3 Nc6 6. Bg5 e6 7. Qd2 a6 8. O-O-O Bd7 9. f4 Be7 10. Nf3 b5
11. Bxf6 gxf6 12. Bd3 Qa5 13. Kb1 b4 14. Ne2 Qc5 15. f5 a5 16. Nf4 a4 17. Rhe1 Ne5 18. fxe6 fxe6 19. Bf1 Kf7 20. Nxe5+ Qxe5
21. Nd3 Qxh2 22. Nxb4 a3 23. Re3 Qe5 24. Qd4 Qxd4 25. Rxd4 axb2 26. Rb3 Ra5 27. Rxb2 h5 28. c4 Rb8 29. Nc2 Rxb2+ 30. Kxb2 f5
31. e5 Rxe5 32. Kb3 Ra5 33. a3 Ba4+ 34. Kb4 Ra8 35. Rd2 d5+ 36. c5 Be8 37. Nd4 Ra4+ 38. Kb3 Bxc5 39. Bb5 Rxd4
0-1

[Event "Three Continents Championship"]
[Site "SchemingMind.com"]
[Date "2013.01.09"]
[Round "-"]
[White "Olli Ylönen"]
[Black "Aadsje"]
[Result "0-1"]
[WhiteCountry "FIN"]
[BlackCountry "NED"]
[WhiteElo "1832"]
[WhiteRD "57"]
[BlackElo "2262"]
[BlackRD "64"]
[GameID "324775"]

1. e4 c5 2. Nf3 e6 3. d4 cxd4 4. Nxd4 Bc5 5. Nb3 Bb6 6. Nc3 Ne7 7. Bf4 d5 8. exd5 exd5 9. Bd3 O-O 10. O-O Nbc6
11. Qh5 g6 12. Qh4 f6 13. Rad1 d4 14. Qg3 Nf5 15. Qf3 Be6 16. Bxf5 Bxf5 17. Ne4 Ne5 18. Bxe5 fxe5 19. c3 Qh4 20. Nbd2 Bg4
21. Qd3 Bxd1 22. Rxd1 dxc3 23. Qd5+ Kg7 24. Qxe5+ Kh6 25. Qxc3 Bxf2+ 26. Nxf2 Qxf2+ 27. Kh1 Rad8 28. h3 Rf5 29. Qc1 Rg5 30. g4 Rd3
0-1

[Event "Three Continents Championship"]
[Site "SchemingMind.com"]
[Date "2013.01.08"]
[Round "-"]
[White "Olli Ylönen"]
[Black "rookie31"]
[Result "0-1"]
[WhiteCountry "FIN"]
[BlackCountry "IND"]
[WhiteElo "1841"]
[WhiteRD "55"]
[BlackElo "2183"]
[BlackRD "60"]
[GameID "324776"]

1. e4 c6 2. d4 d5 3. exd5 cxd5 4. c4 e6 5. Nc3 Nf6 6. Nf3 Be7 7. cxd5 Nxd5 8. Bd3 O-O 9. O-O Nc6 10. Re1 Nf6
11. a3 b6 12. Bg5 Bb7 13. Bc2 h6 14. Bh4 Re8 15. Qd3 Kf8 16. d5 Nxd5 17. Nxd5 Bxh4 18. Qh7 Bxf2+ 19. Kxf2 Qxd5 20. Qh8+ Ke7
21. Qxg7 Qc5+ 22. Kf1 Ba6+
0-1

[Event "Three Continents Championship"]
[Site "SchemingMind.com"]
[Date "2013.01.13"]
[Round "-"]
[White "Olli Ylönen"]
[Black "GBEDARD"]
[Result "0-1"]
[WhiteCountry "FIN"]
[BlackCountry "USA"]
[WhiteElo "1841"]
[WhiteRD "55"]
[BlackElo "2260"]
[BlackRD "72"]
[GameID "324777"]

1. e4 g6 2. d4 Bg7 3. Nc3 d6 4. Be3 a6 5. Qd2 b5 6. Bd3 Nd7 7. a4 b4 8. Nce2 c5 9. c3 Ngf6 10. Nf3 O-O
11. h3 Bb7 12. cxb4 Nxe4 13. Bxe4 Bxe4 14. bxc5 dxc5 15. dxc5 Rb8 16. Bd4 Bxd4 17. Nexd4 e5 18. c6 exd4 19. cxd7 Bxf3 20. gxf3 Qxd7
21. h4 Rfe8+ 22. Kf1 d3 23. Ra3 Rbd8 24. Kg2 Re2
0-1

[Event "Three Continents Championship"]
[Site "SchemingMind.com"]
[Date "2013.01.13"]
[Round "-"]
[White "Oskyrain"]
[Black "Olli Ylönen"]
[Result "1-0"]
[WhiteCountry "ARG"]
[BlackCountry "FIN"]
[WhiteElo "2443"]
[WhiteRD "82"]
[BlackElo "1848"]
[BlackRD "54"]
[GameID "324778"]

1. d4 Nf6 2. c4 g6 3. Nc3 d5 4. cxd5 Nxd5 5. e4 Nxc3 6. bxc3 Bg7 7. Bf4 c5 8. Nf3 O-O 9. Rb1 Nc6 10. d5 Bxc3+
11. Bd2 Bxd2+ 12. Qxd2 Nb8 13. h4 Bg4 14. h5 Bxh5 15. Qh6 Qa5+ 16. Nd2 f5 17. Rxh5 gxh5 18. Rxb7 Qd8 19. d6 Qxd6 20. Bc4+ Kh8
21. Qxf8#
1-0

[Event "Three Continents Championship"]
[Site "SchemingMind.com"]
[Date "2013.01.09"]
[Round "-"]
[White "Derek Price"]
[Black "Olli Ylönen"]
[Result "1-0"]
[WhiteCountry "ENG"]
[BlackCountry "FIN"]
[WhiteElo "2261"]
[WhiteRD "79"]
[BlackElo "1812"]
[BlackRD "55"]
[GameID "324779"]

1. d4 d5 2. c4 c6 3. Nf3 Nf6 4. e3 g6 5. Nc3 Bg7 6. Bd3 O-O 7. O-O Bg4 8. h3 Bxf3 9. Qxf3 e6 10. Rd1 Nbd7
11. Bd2 Re8 12. Rac1 dxc4 13. Bxc4 e5 14. Bb3 e4 15. Qg3 Nb6 16. f3 exf3 17. Qxf3 a5 18. a3 a4 19. Ba2 Ra5 20. e4 Nbd7
21. e5 Qb6 22. Kh1 Qxd4 23. exf6 Rf5 24. Bf4 Qxf6 25. Rxd7 Rxf4 26. Rxf7
1-0

[Event "Three Continents Championship"]
[Site "SchemingMind.com"]
[Date "2013.01.13"]
[Round "-"]
[White "smothered mate"]
[Black "Olli Ylönen"]
[Result "0-1"]
[WhiteCountry "POL"]
[BlackCountry "FIN"]
[WhiteElo "1984"]
[WhiteRD "58"]
[BlackElo "1812"]
[BlackRD "55"]
[GameID "324780"]

1. e4 e5 2. Nf3 Nc6 3. d4 exd4 4. Nxd4 Bc5 5. Be3 Qf6 6. c3 Nge7 7. Bc4 Ne5 8. Be2 Qg6 9. O-O d6 10. f3 O-O
11. Kh1 d5 12. Nf5 Nxf5 13. Bxc5 dxe4 14. fxe4 Nh4 15. Bf3 Nexf3 16. g3 Qxe4 17. Rxf3 Nxf3 18. Bxf8 Ne1+
0-1

[Event "Three Continents Championship"]
[Site "SchemingMind.com"]
[Date "2013.01.09"]
[Round "-"]
[White "jrsanpedro"]
[Black "Olli Ylönen"]
[Result "1-0"]
[WhiteCountry "ARG"]
[BlackCountry "FIN"]
[WhiteElo "2177"]
[WhiteRD "61"]
[BlackElo "1812"]
[BlackRD "55"]
[GameID "324781"]

1. d4 Nf6 2. c4 g6 3. Nc3 d5 4. cxd5 Nxd5 5. e4 Nxc3 6. bxc3 Bg7 7. Bc4 c5 8. Ne2 Nc6 9. Be3 O-O 10. O-O Qc7
11. Rc1 Rd8 12. f4 Bg4 13. f5 Na5 14. Qa4 gxf5 15. Ng3 Nxc4 16. Qxc4 e6 17. exf5 Bxf5 18. Nxf5 exf5 19. Rxf5 Re8 20. Rxc5 Qe7
21. Bg5 Qd6 22. Rc7 Qe6 23. Qxe6 Rxe6 24. Rxb7 Re2 25. Rf1
1-0

[Event "Three Continents Championship"]
[Site "SchemingMind.com"]
[Date "2013.01.09"]
[Round "-"]
[White "Aadsje"]
[Black "Olli Ylönen"]
[Result "1-0"]
[WhiteCountry "NED"]
[BlackCountry "FIN"]
[WhiteElo "2299"]
[WhiteRD "67"]
[BlackElo "1848"]
[BlackRD "54"]
[GameID "324782"]

1. e4 e5 2. Bc4 Nf6 3. d3 Nc6 4. Nf3 Bc5 5. O-O a6 6. c3 Ba7 7. d4 d6 8. h3 O-O 9. Re1 h6 10. Be3 exd4
11. cxd4 d5 12. exd5 Na5 13. Bd3 Nxd5 14. Nc3 Nxe3 15. fxe3 b5 16. b4 Nc6 17. Be4 Bd7 18. a4 Rb8 19. Bxc6 Bxc6 20. axb5 Bxb5
21. Nxb5 Rxb5 22. Rxa6 Bb6 23. Ra4 Re8 24. Qd3 Qd7 25. Rea1 g5 26. Ra8 Rxb4 27. Ne5 Qe7 28. Nc6
1-0

[Event "Three Continents Championship"]
[Site "SchemingMind.com"]
[Date "2013.01.08"]
[Round "-"]
[White "rookie31"]
[Black "Olli Ylönen"]
[Result "1-0"]
[WhiteCountry "IND"]
[BlackCountry "FIN"]
[WhiteElo "2183"]
[WhiteRD "60"]
[BlackElo "1841"]
[BlackRD "55"]
[GameID "324783"]

1. d4 Nf6 2. c4 g6 3. g3 Bg7 4. Bg2 O-O 5. Nf3 c6 6. Nc3 d5 7. cxd5 cxd5 8. O-O Nc6 9. Bf4 e6 10. Rc1 a6
11. Qd3 Bd7 12. a3 Na5 13. Rc2 Nc4 14. Ne5 b5 15. e4 Nxe5 16. dxe5 dxe4 17. Nxe4 Nxe4 18. Bxe4 Rc8 19. Rd1 Rxc2 20. Qxc2 Qc8
21. Qd2 Rd8 22. Bg5 Re8 23. Rc1 Qb8 24. Qxd7 Bxe5 25. b3 f6 26. Bh6 Qd6 27. Qg7#
1-0

[Event "Three Continents Championship"]
[Site "SchemingMind.com"]
[Date "2013.01.13"]
[Round "-"]
[White "GBEDARD"]
[Black "Olli Ylönen"]
[Result "1-0"]
[WhiteCountry "USA"]
[BlackCountry "FIN"]
[WhiteElo "2269"]
[WhiteRD "71"]
[BlackElo "1812"]
[BlackRD "55"]
[GameID "324784"]

1. e4 c5 2. Nf3 d6 3. d4 cxd4 4. Nxd4 Nf6 5. Nc3 g6 6. Be3 Bg7 7. f3 O-O 8. Qd2 Nc6 9. O-O-O d5 10. exd5 Nxd5
11. Nxc6 bxc6 12. Bd4 Bxd4 13. Qxd4 Qb6 14. Na4 Qc7 15. Nc5 Rd8 16. g4 Rd6 17. Bc4 Nb6 18. Qe4 Nxc4 19. Qxc4 Be6 20. Nxe6 Rxe6
21. h4 Rd8 22. Rxd8+ Qxd8 23. Rd1 Rd6 24. Rxd6 Qxd6 25. Qe4 e5 26. a3 f6 27. b4 Kf7 28. h5 Qd5 29. hxg6+ hxg6 30. c4 Qxe4
31. fxe4 f5 32. exf5 gxf5 33. g5 a6 34. a4
1-0

[Event "Three Continents Championship"]
[Site "SchemingMind.com"]
[Date "2013.01.11"]
[Round "-"]
[White "Ezedoke"]
[Black "Oskyrain"]
[Result "1-0"]
[WhiteCountry "ARG"]
[BlackCountry "ARG"]
[WhiteElo "2390"]
[WhiteRD "71"]
[BlackElo "2474"]
[BlackRD "79"]
[GameID "324785"]

1. e4 c5 2. Nf3 d6 3. d4 cxd4 4. Nxd4 Nf6 5. Nc3 a6 6. Be3 e5 7. Nb3 Be6 8. f3 Be7 9. Qd2 O-O 10. O-O-O Nbd7
11. g4 b5 12. g5 b4 13. Ne2 Ne8 14. f4 a5 15. f5 a4 16. Nbd4 exd4 17. Nxd4 b3 18. Kb1 bxc2+ 19. Nxc2 Bb3 20. axb3 axb3
21. Na3 Ne5 22. Qg2 Qb8 23. Bf4 Qb4 24. f6 Nxf6 25. Bxe5 dxe5 26. gxf6 Bxf6 27. Be2 Ra4 28. Rd7 Rc8 29. Bd3 h6 30. Qf2 Qf8
31. Rf1 Qb4 32. Rd1 Qa5 33. Rg1 Kf8 34. Rf1 Kg8 35. Rd6 Qa7 36. Rxf6 gxf6 37. Qxf6 Ra8 38. Qxh6 Qd4 39. Qg5+ Kf8 40. Rf3 Qd6
41. Qh5 Qe6 42. Qh8+ Ke7 43. Qh4+ Kf8 44. Be2 Qc6 45. Qh8+ Ke7 46. Qxe5+ Kf8 47. Bd3 R4a5 48. Qh8+ Ke7 49. Qd4 f6 50. Rh3 Re5
51. Rh4 Kf8 52. Bc4 Kg7 53. Bxb3 Rg5 54. Nc4 Rb8 55. Bc2
1-0

[Event "Three Continents Championship"]
[Site "SchemingMind.com"]
[Date "2013.01.09"]
[Round "-"]
[White "Ezedoke"]
[Black "Derek Price"]
[Result "1-0"]
[WhiteCountry "ARG"]
[BlackCountry "ENG"]
[WhiteElo "2305"]
[WhiteRD "63"]
[BlackElo "2263"]
[BlackRD "74"]
[GameID "324786"]

1. e4 c5 2. Nf3 d6 3. d4 cxd4 4. Nxd4 Nf6 5. Nc3 a6 6. Be3 e6 7. f3 b5 8. Qd2 Nbd7 9. O-O-O Bb7 10. g4 Nb6
11. Qf2 Nfd7 12. Bd3 Rc8 13. Nce2 Nc5 14. Kb1 Nba4 15. b3 Nxd3 16. Rxd3 Nc5 17. Rd2 Be7 18. h4 b4 19. g5 a5 20. Rhd1 Ba6
21. Nf5 exf5 22. exf5 Nd7 23. f6 gxf6 24. Ng3 Rc6 25. Re1 d5 26. Rxd5 Re6 27. gxf6 Bxf6 28. Nf5 Qc7 29. Red1 Bc8 30. Nd6+ Rxd6
31. Rxd6 Be5 32. Qe1
1-0

[Event "Three Continents Championship"]
[Site "SchemingMind.com"]
[Date "2013.01.13"]
[Round "-"]
[White "Ezedoke"]
[Black "smothered mate"]
[Result "1-0"]
[WhiteCountry "ARG"]
[BlackCountry "POL"]
[WhiteElo "2325"]
[WhiteRD "65"]
[BlackElo "1984"]
[BlackRD "58"]
[GameID "324787"]

1. e4 c5 2. Nf3 d6 3. d4 cxd4 4. Nxd4 Nf6 5. Nc3 g6 6. Be3 Bg7 7. f3 a6 8. Qd2 b5 9. a4 b4 10. Na2 a5
11. Bb5+ Bd7 12. O-O Na6 13. c3 bxc3 14. Nxc3 O-O 15. Rfd1 Nc5 16. Rac1 Be6 17. Nc6 Qc7 18. e5 Nb3 19. exf6 Nxd2 20. Nd5 Bxd5
21. Nxe7+ Qxe7 22. fxe7 Rfe8 23. Bxe8 Rxe8 24. Rxd2
1-0

[Event "Three Continents Championship"]
[Site "SchemingMind.com"]
[Date "2013.01.09"]
[Round "-"]
[White "Ezedoke"]
[Black "jrsanpedro"]
[Result "1-0"]
[WhiteCountry "ARG"]
[BlackCountry "ARG"]
[WhiteElo "2305"]
[WhiteRD "63"]
[BlackElo "2155"]
[BlackRD "65"]
[GameID "324788"]

1. e4 c5 2. Nf3 d6 3. d4 cxd4 4. Nxd4 Nf6 5. Nc3 a6 6. Be3 e5 7. Nb3 Be6 8. f3 Be7 9. Qd2 O-O 10. O-O-O Nbd7
11. g4 Qc7 12. Kb1 Rfc8 13. Qf2 b5 14. g5 Nh5 15. h4 b4 16. Nd5 Bxd5 17. Rxd5 a5 18. Bh3 a4 19. Nc1 Ra6 20. Nd3 b3
21. cxb3 axb3 22. a3 Rd8 23. Nb4 Raa8 24. Rc1 Nc5 25. Rdd1 Qb7 26. Nd5 Bf8 27. Bg4 Nf4 28. Bxf4 exf4 29. Qd2 Rdb8 30. h5 Ra4
31. h6 Rba8 32. hxg7 Bxg7 33. Nf6+ Bxf6 34. gxf6 Nxe4 35. Qg2 Ng3 36. Qh3
1-0